00803nam a22003137a 450000500170000000800410001702000180005804100080007608200180008410000280010224500860013026000140021626000130023026000090024330000190025265000170027165000280028865000120031665000120032865000180034065000110035865000090036965000260037865000160040465000130042094200120043399900150044595200290046020231122123931.0160329b2011 xxu||||| |||| 00| 0 spa d a9789502413242 aESP a631.585 A473h aÁlvarez, Martha97311 aHidroponía: una guía para el cultivo en agua de frutas, hortalizas y plantas  aArgentina bAlbatros c2011 a112 páginas  aHIDROPONÍA aSISTEMAS HIDROPÓNICOS aSIEMBRA aCULTIVO aENFERMEDADES  aPLAGAS aAGUA aSOLUCIONES NUTRITIVAS aNUTRICIÓN aSUSTRATO cBK2ddc c7874d7874 o631.585 A473hp20817yBK